Leyes generales del derecho financiero y tributario / Compilación y anotación por Manuel Ma. Casal Bravo
ISBN:
84-470-1649-8
Descripción Física:
1539 p. ; 17 cm
Colección:
Biblioteca de legislación ; 26
Otros Autores:
Casal Bravo, Manuel Ma, comp
MARC
| LEADER | 00000nam a2200000Ia 4500 | ||
|---|---|---|---|
| 001 | 19494 | ||
| 008 | 160829s2001 xx 000 0 cat d | ||
| 020 | |a 84-470-1649-8 | ||
| 080 | |a D-3-176 | ||
| 100 | |a Espanya. Lleis, etc. |9 23269 | ||
| 245 | |a Leyes generales del derecho financiero y tributario / Compilación y anotación por Manuel Ma. Casal Bravo | ||
| 250 | |a 23a ed. | ||
| 260 | |a Madrid : |b Civitas, |c 2001 | ||
| 300 | |a 1539 p. ; |c 17 cm | ||
| 490 | |a Biblioteca de legislación ; 26 | ||
| 650 | 0 | |a Dret fiscal |x Legislació |z Espanya |9 32543 | |
| 650 | |a Dret financer |x Legislació |x Espanya |9 38020 | ||
| 700 | |a Casal Bravo, Manuel Ma, comp. |9 38021 | ||
| 901 | |a Arxiu | ||
| 942 | |n 1 | ||
| 952 | |0 1 |1 0 |2 udc |4 0 |5 2 |6 D3176 |7 1 |9 48205 |a Arxiu |b Arxiu |d 2016-12-01 |l 0 |o D-3-176 |p 19494 |r 2016-12-01 00:00:00 |w 2016-12-01 |y ARXIU | ||
| 999 | |c 52011 |d 52011 | ||